000 00448nam a2200181Ia 4500
001 3750
005 20260306145706.0
008 260306t2013||||xx |||||||||||||| ||spa||
041 _aESP
082 _a302.234
_bQ41
100 _aQuiroz Velasco, María Teresa
_eAUT
245 0 _aSin muros:
_baprendizajes en la era digital
260 _c2013
300 _a160 páginas :
_c24 cm.
650 _aGEN
654 _aCED
942 _cLIB
_dJUS
_fJUS
_2ddc
_n
999 _c3750
_d3750